| 000 | 00825nam a2200277Ia 4500 | ||
|---|---|---|---|
| 003 | OSt | ||
| 005 | 20221006153148.0 | ||
| 006 | a|||||r|||| 00| 0 | ||
| 007 | ta | ||
| 008 | 221006b |||||||| |||| 00| 0 jpn d | ||
| 020 | _c¥1000 | ||
| 024 | _a31,458 | ||
| 037 |
_bGift, Donated By Prof. Sonoko Hijikata _cTextual |
||
| 040 |
_aEASL _cEASL _bjpn |
||
| 041 |
_2jpn _ajpn |
||
| 082 | _aV73:19(zM).P01, P2 | ||
| 100 |
_aSHIGETOMI Shinichi etc. Ed. _9662670 |
||
| 245 | 0 |
_aAjia wa doji tero _b Senso wo do mita ka |
|
| 260 |
_aTokyo _bAkashi Shoten Japan _c2002 |
||
| 300 |
_a108p. _ccm. |
||
| 490 | _v JL | ||
| 650 | _a Terrorism | ||
| 650 | _aJL | ||
| 942 |
_hV73:19(zM).P01, P2 _cTEXL _2CC |
||
| 999 |
_c1099544 _d1099544 |
||